LEADER 03168nam 2200613 a 450 001 9910778284003321 005 20230331005613.0 010 $a1-281-73537-X 010 $a9786611735371 010 $a0-300-13795-8 024 7 $a10.12987/9780300137958 035 $a(CKB)1000000000477755 035 $a(EBL)3420362 035 $a(OCoLC)923592564 035 $a(SSID)ssj0000267134 035 $a(PQKBManifestationID)11239412 035 $a(PQKBTitleCode)TC0000267134 035 $a(PQKBWorkID)10332769 035 $a(PQKB)10865685 035 $a(MiAaPQ)EBC3420362 035 $a(DE-B1597)485602 035 $a(OCoLC)1083593427 035 $a(DE-B1597)9780300137958 035 $a(Au-PeEL)EBL3420362 035 $a(CaPaEBR)ebr10210245 035 $a(CaONFJC)MIL173537 035 $a(EXLCZ)991000000000477755 100 $a19901204d1991 uy 0 101 0 $aeng 135 $aurcn||||||||| 181 $ctxt 182 $cc 183 $acr 200 00$aVersions of history from antiquity to the Enlightenment$b[electronic resource] /$fedited by Donald R. Kelley 210 $aNew Haven $cYale University Press$dc1991 215 $a1 online resource (529 p.) 300 $aDescription based upon print version of record. 311 0 $a0-300-04775-4 311 0 $a0-300-04776-2 320 $aIncludes bibliographical references (p. 505-508) and index. 327 $tFront matter --$tContents --$tPreface --$t1. Introduction: Looking Backward --$t2. Greece --$t3. Rome --$t4. The Judeo-Christian Tradition --$t5. The Middle Ages --$t6. The Renaissance --$t7. The Reformation --$t8. The Science of History --$t9. The Enlightenment --$t10. Conclusion: Looking Forward --$tSelect Bibliography --$tIndex 330 $aThe problems, purposes, and methods of history writing have been the subject of debate for almost three millennia. Should history be political or philosophical? Is the writing of history an art or a science? What are the limitations of history? This book is an intriguing collection of views on these and other aspects of history writing by eminent Western historians from early Greece to the end of the eighteenth century. The book contains major texts from 112 historians, both well-known and neglected, ranging from the "mythistories" of Homer and Hesiod to the "reasoned" and "philosophical" accounts of Vico and Voltaire. These texts discuss, for example, theories of historical change, problems of anachronism, narrative, and gender, questions of origins, causation, and historical patterns, and historical criticism. Donald R. Kelley, who selected and arranged the writings, also provides essays and commentary that give background material on the themes of historiography and on the authors included in the book 606 $aHistory$xPhilosophy 615 0$aHistory$xPhilosophy. 676 $a901 686 $aNB 5100$2rvk 701 $aKelley$b Donald R.$f1931-$0153850 801 0$bMiAaPQ 801 1$bMiAaPQ 801 2$bMiAaPQ 906 $aBOOK 912 $a9910778284003321 996 $aVersions of history from antiquity to the Enlightenment$93691742 997 $aUNINA LEADER 02069oam 2200493zu 450 001 9910376490903321 005 20210807002015.0 035 $a(CKB)3170000000002582 035 $a(SSID)ssj0001139170 035 $a(PQKBManifestationID)11655113 035 $a(PQKBTitleCode)TC0001139170 035 $a(PQKBWorkID)11184329 035 $a(PQKB)10893687 035 $a(WaSeSS)IndRDA00015417 035 $a(Association for Computing Machinery)10.1145/1161089 035 $a(EXLCZ)993170000000002582 100 $a20160829d2006 uy 101 0 $aeng 135 $aur||||||||||| 181 $ctxt 182 $cc 183 $acr 200 10$aMobiCom 2006 : proceedings of the twelfth annual International Conference on Mobile Computing and Networking : September 24-29, 2006, Los Angeles, California, USA 210 31$a[Place of publication not identified]$cACM$d2006 215 $a1 online resource (416 pages) 225 1 $aACM Conferences 300 $aBibliographic Level Mode of Issuance: Monograph 311 $a1-59593-286-0 410 0$aACM Conferences 517 1 $aMobile Computing 2006 :$eproceedings of the twelfth annual International Conference on Mobile Computing and Networking : September 24-29, 2006, Los Angeles, California, United States of America 517 1 $aProceedings of the 12th annual International Conference on Mobile Computing and Networking 517 1 $aMobiCom '06 517 1 $a12th annual International Conference on Mobile Computing and Networking, Los Angeles, CA, USA - September 24 - 29, 2006 606 $aEngineering & Applied Sciences$2HILCC 606 $aComputer Science$2HILCC 615 7$aEngineering & Applied Sciences 615 7$aComputer Science 700 $aGerla$b Mario$0855671 712 02$aACM SIGMOBILE 801 0$bPQKB 906 $aBOOK 912 $a9910376490903321 996 $aMobiCom 2006 : proceedings of the twelfth annual International Conference on Mobile Computing and Networking : September 24-29, 2006, Los Angeles, California, USA$91910378 997 $aUNINA